|
|
|
|
| LEADER |
01299nam a22003137a 4500 |
| 001 |
43622 |
| 003 |
BD-DhAAL |
| 008 |
241028t2006 bg ao||| |||| 00| 0 eng d |
| 020 |
|
|
|a 9845553516
|
| 040 |
|
|
|a BD-DhAAL
|c BD-DhAAL
|
| 041 |
|
|
|a eng
|
| 041 |
|
|
|a tur
|
| 082 |
|
|
|a 891.4416
|
| 100 |
|
|
|a Nazrul Islam,
|c Kazi,
|d 1899-1976.
|
| 245 |
|
|
|a Kazi Nazrul İslam'ın gözüyle Kemal Paşa = in the eyes of Kazi Nazrul Islam :
|b Kemal Pasha /
|c Kazi Nazrul Islam ; edited by Abdul Hye Sikder.
|
| 260 |
|
|
|a Ankara, Turkey :
|b External Publicity Wing ;
|a Dhaka :
|b Ministry of Foreign Affairs in collaboration with Nazrul Institute, Ministry of Cultural Affairs,
|c 2006.
|
| 300 |
|
|
|a 80 pages :
|b illustrations ;
|c 26 cm
|
| 541 |
|
|
|a Savar Campus Library
|e 43622
|
| 600 |
|
|
|a Nazrul Islam,
|c Kazi,
|d 1899-1976.
|
| 600 |
|
|
|a Ataturk, Kemal,
|d 1881-1938.
|
| 650 |
|
|
|a Poets, Bengali
|y 20th century.
|
| 650 |
|
|
|a Poets, Bengali.
|
| 650 |
|
|
|a Bengali poetry.
|
| 650 |
|
|
|a Bengali literature.
|
| 700 |
|
|
|a Sikder, Abdul Hye.
|9 57058
|
| 852 |
|
|
|a Ayesha Abed Library
|
| 942 |
|
|
|2 ddc
|c BK
|
| 999 |
|
|
|c 47067
|d 47067
|
| 952 |
|
|
|0 0
|1 0
|2 ddc
|4 0
|6 891_441600000000000_NAZ
|7 0
|9 76828
|a SCL
|b SCL
|c GEN
|d 2024-10-28
|e Savar Campus Library
|g 500.00
|l 0
|o 891.4416 NAZ
|p 3020043622
|r 2024-10-28
|t 1
|w 2024-10-28
|y BK
|x Savar Campus Library
|